Water Environment and Water Services (Scotland) Act 2003 (Record no. 103253)

MARC details
000 -LEADER
fixed length control field 01071cam a2200217 4500
001 - CONTROL NUMBER
control field J124607
008 - FIXED-LENGTH DATA ELEMENTS--GENERAL INFORMATION
fixed length control field 031211n2003 000 0 eng u
035 ## - SYSTEM CONTROL NUMBER
System control number (Sirsi) u124607
041 ## - LANGUAGE CODE
Language code of text/sound track or separate title eng
245 ## - TITLE STATEMENT
Title Water Environment and Water Services (Scotland) Act 2003
Medium [electronic resource]
260 ## - PUBLICATION, DISTRIBUTION, ETC.
Place of publication, distribution, etc. London
Name of publisher, distributor, etc. HMSO
Date of publication, distribution, etc. 2003
520 ## - SUMMARY, ETC.
Summary, etc. This Act sets out new arrangements for the protection of the water environment and changes how new connections to public water and sewerage infrastructure are to be funded. The water environment provisions of the Act Part I make or enable provision to be made in connection with implementing Directive 2000/60/EC (the EU Water Framework Directive).
650 ## - SUBJECT ADDED ENTRY--TOPICAL TERM
Topical term or geographic name entry element WATER POLLUTION
650 ## - SUBJECT ADDED ENTRY--TOPICAL TERM
Topical term or geographic name entry element WASTE MANAGEMENT
650 ## - SUBJECT ADDED ENTRY--TOPICAL TERM
Topical term or geographic name entry element SEWERAGE SYSTEMS
650 ## - SUBJECT ADDED ENTRY--TOPICAL TERM
Topical term or geographic name entry element DRAINAGE SYSTEMS
650 ## - SUBJECT ADDED ENTRY--TOPICAL TERM
Topical term or geographic name entry element WATER MANAGEMENT
690 ## - LOCAL SUBJECT ADDED ENTRY--TOPICAL TERM (OCLC, RLIN)
Topical term or geographic name as entry element ENVIRONMENTAL AND LAND CONSULTANCY
856 ## - ELECTRONIC LOCATION AND ACCESS
Uniform Resource Identifier <a href="https://www.scotland-legislation.hmso.gov.uk/legislation/scotland/acts2003/20030003.htm">https://www.scotland-legislation.hmso.gov.uk/legislation/scotland/acts2003/20030003.htm</a>
Public note View this Act at www.scotland-legislation.hmso.gov.uk
942 ## - ADDED ENTRY ELEMENTS (KOHA)
Suppress in OPAC 0
Holdings
Withdrawn status Lost status Source of classification or shelving scheme Damaged status Not for loan Home library Current library Shelving location Date acquired Total Checkouts Full call number Barcode Date last seen Copy number Price effective from Koha item type
    Dewey Decimal Classification     Virtual Virtual Online 11/12/2003   ONLINE PUBLICATION 124607-2001 06/08/2019 1 06/08/2019 Book